| 000 | 00589nam a22001817a 4500 | ||
|---|---|---|---|
| 005 | 20251108170833.0 | ||
| 008 | 250721s1996 xx 000 0 ara d | ||
| 082 | 1 | 4 | _a232.9/عسا |
| 100 | 1 | _aإبن عساكر، ثقة الدين أبو القاسم علي بن الحسن | |
| 245 | 1 | 0 | _aسيرة السيد المسيح / |
| 264 | 1 |
_aعمان : _bدار الشروق للنشروالتوزيع، _c1996. |
|
| 300 | _a375ص | ||
| 650 | 1 | 7 | _aالمسيح |
| 650 | 1 | 7 | _aالمسيحية |
| 700 | 1 |
_aمراد، سليمان علي _eتحقيق |
|
| 942 |
_2ddc _cBK |
||
| 999 |
_c50174 _d50174 |
||